Flax mit Sax Combo /

Hlavní autor: Hein, Eric
Další autoři: Hertha, Kurt, 1926-2007, Fallabrino, Gianni, Water, Charles
Jazyk: Nelze použít, není lingvistický obsah
Vydáno: Köln : Edition Constantin, 1962
Fyzický popis: 7 hlasů
Hudebniny Hudebniny
Uloženo v:
LEADER 00961ncm a22002652a 4500
001 001103251
003 CZ BrMZK
005 20110505153238.0
007 qu
008 020904s1962 gw f zxx d
040 |a BOA001  |b cze 
072 7 |a 785  |x Instrumentální hudba. Symfonická hudba. Hudba pro více nástrojů  |2 Konspekt  |9 9 
100 1 |a Hein, Eric  |7 mzk2011632275  |4 cmp 
245 1 0 |a Flax mit Sax  |h [hudebnina] :  |b Combo /  |c Eric Hein, Felix Prost. Notturno / G. Fallabrino ; Arrgt. Ch. Water 
260 |a Köln :  |b Edition Constantin,  |c 1962 
300 |a 7 hlasů 
500 |a Taneční orchestr 
700 1 |a Hertha, Kurt,  |d 1926-2007  |7 mzk2010605075  |4 cmp 
700 1 |a Fallabrino, Gianni  |7 mzk2011637831  |4 cmp 
700 1 |a Water, Charles  |7 mzk2010606247  |4 arr 
740 0 2 |a Notturno 
910 |a BOA001  |b Mus3-0702.398 
990 |a MU 
991 |b 201006 
996 6 |b 2619456195  |c Mus3-0702.398  |l MZK  |r Sklad / do 1 hodiny  |n 0  |w 001129948  |u 000010  |a 1  |e BOA001  |j MZK50  |s P